00530nam a2200169 a 4500008004100000020001800041050001600059100001900075245010800094250001200202260003600214300003000250350000900280650003700289650001200326700002200338100728s2008 ||||||||||||||||| || u a9780495112402 aQC 21.2 Jew aJewett, John W10aPhysics for scientists and engineers with modern physics. -- 7th ed.cJohn W. Jewett, Raymond A. Serway a7th ed. aBelmont, CAbBrooks/Cole c2008 axxxi, 1392p. [71p.]: ill. a0.00 aPHYSICS--HANDBOOKS, MANUALS, ETC 0aPHYSICS aSerway, Raymond A